000 00838nam a22002175i 4500
001 177510
003 ES-MaACL
005 20251004063222.0
008 110329s1962 sp ao |||| | spa d
080 _a616.6:616.64
100 1 _aPeña, Emilio de la,
_d1905-2001
_9153294
245 1 0 _aTumores del aparato genito-urinario
_b: (excluídos genitales femeninos) /
_cpor Emilio de la Peña.
260 _aMadrid :
_bMontecorvo,
_c1962.
300 _a214 p. :
_bil. bl. y n. ;
_c24 cm.
490 1 _aMonografías. Colección de estudios médicos ;
_v3
650 0 4 _aAparato urinario-
_xEnfermedades.
_99913
650 4 _aAparato genital masculino-
_xEnfermedades.
_9144444
830 0 _aMonografías. Colección de estudios médicos ;
_v3
_9190473
852 _aES-MaACL
_jE-14729
_xOlim P-201-Ter
999 _c177510
_d177510